[Event "Lima Surco op 4th"]
[Site "Lima"]
[Date "2017.10.28"]
[Round "4"]
[White "Lazaro Cuevas, Ronald Anthony"]
[Black "Soriano Quispe, Ivan Excender"]
[Result "0-1"]
[WhiteElo "1493"]
[BlackElo "1916"]
[PlyCount "64"]
[EventDate "2017.10.15"]
[EventType "swiss"]
[EventRounds "7"]
[EventCountry "PER"]
[SourceTitle "EXT 2019"]
[Source "ChessBase"]
[SourceDate "2018.10.10"]
[SourceVersion "1"]
[SourceVersionDate "2018.10.10"]
[SourceQuality "1"]

1. e4 e6 2. d4 d5 3. Nd2 Nf6 4. e5 Nfd7 5. Bd3 c5 6. c3 Nc6 7. Ne2 cxd4 8. cxd4 f6 9. f4 fxe5 10. fxe5 Nxd4 11. 0-0 Qb6 12. Kh1 Nxe5 13. Bb1 Bd7 14. Nxd4 Qxd4 15. Nb3 Qxd1 16. Rxd1 Ng4 17. Re1 Bb4 18. Bd2 Bxd2 19. Nxd2 0-0 20. Nf3 e5 21. h3 Nf2+ 22. Kg1 Nxh3+ 23. gxh3 Rxf3 24. Rxe5 Rxh3 25. Bf5 Bxf5 26. Rxf5 Rd8 27. Rd1 d4 28. Rf2 Rg3+ 29. Kf1 d3 30. Ke1 Re3+ 31. Kd2 Re2+ 32. Rxe2 dxe2+ 0-1

[Event "Lima Surco op 2nd"]
[Site "Lima"]
[Date "2017.07.15"]
[Round "5"]
[White "Lazaro Cuevas, Ronald Anthony"]
[Black "Pastor Aragon, Mateo"]
[Result "1-0"]
[WhiteElo "1389"]
[BlackElo "1433"]
[PlyCount "72"]
[EventDate "2017.07.08"]
[EventType "swiss"]
[EventRounds "9"]
[EventCountry "PER"]
[SourceTitle "EXT 2018"]
[Source "ChessBase"]
[SourceDate "2017.10.13"]
[SourceVersion "1"]
[SourceVersionDate "2017.10.13"]
[SourceQuality "1"]

1. e4 e6 2. d4 d5 3. Nd2 c5 4. exd5 Qxd5 5. Ngf3 cxd4 6. Bc4 Qd6 7. 0-0 Nf6 8. Nb3 Be7 9. Nbxd4 a6 10. Qe2 0-0 11. Rd1 Qc7 12. Bg5 b5 13. Bb3 Nc6 14. a4 b4 15. Rac1 Rd8 16. c3 Nxd4 17. Nxd4 e5 18. cxb4 Qb8 19. Nc6 Rxd1+ 20. Rxd1 Qc7 21. Qxe5 Qxc6 22. Qxe7 Be6 23. Bxe6 fxe6 24. Rd8+ Rxd8 25. Qxd8+ Kf7 26. Qd1 Qb6 27. Qd2 Qc6 28. b3 Qb7 29. Qd4 Qc6 30. Qc4 Qd6 31. g3 Qd1+ 32. Kg2 Qd6 33. b5 axb5 34. Qxb5 Qd8 35. a5 Qa8+ 36. Kg1 Qe4 1-0